[Event "La Paz Casa Argentina op"]
[Site "La Paz"]
[Date "2022.06.18"]
[Round "5"]
[White "Condori, Jhoel"]
[Black "Pinto, Daniel"]
[Result "0-1"]
[WhiteElo "1630"]
[BlackElo "2284"]
[PlyCount "62"]
[EventDate "2022.06.16"]
[EventType "swiss"]
[EventRounds "7"]
[EventCountry "BOL"]
[SourceTitle "EXT 2023"]
[Source "ChessBase"]
[SourceDate "2022.10.05"]
[SourceVersion "1"]
[SourceVersionDate "2022.10.05"]
[SourceQuality "1"]

1. e4 e5 2. Nf3 Nc6 3. d4 exd4 4. Bc4 Nf6 5. e5 d5 6. Bb5 Nd7 7. e6 fxe6 8. 0-0 Qf6 9. Re1 Bd6 10. Bg5 Qf7 11. Nxd4 Nxd4 12. Qxd4 0-0 13. Bh4 c6 14. Bf1 e5 15. Qd2 e4 16. c4 Bf4 17. Qc2 Qh5 18. Bg3 Bxg3 19. fxg3 Nf6 20. Be2 Qg6 21. Nc3 d4 22. Nxe4 Qxe4 23. Bd3 Qg4 24. Re7 Bd7 25. Rf1 Rae8 26. Rf4 Rxe7 27. Rxg4 Nxg4 28. Qd1 Rfe8 29. Bf1 Re1 30. Qd2 Ra1 31. Qxd4 Rf8 0-1